| 000 -LEADER | |
|---|---|
| fixed length control field | 00372nam a22001337a 4500 |
| 020 ## - INTERNATIONAL STANDARD BOOK NUMBER | |
| ISBN | 0132038625 |
| 050 ## - LIBRARY OF CONGRESS CALL NUMBER | |
| Classification number | HD59 |
| 100 ## - MAIN ENTRY--AUTHOR NAME | |
| Personal name | Seitel, Fraser P. |
| 245 ## - TITLE STATEMENT | |
| Title | The practice of public relations |
| 250 ## - EDITION STATEMENT | |
| Edition statement | 10th ed |
| 260 ## - PUBLICATION, DISTRIBUTION, ETC. (IMPRINT) | |
| Place of publication | Upper Saddle River, NJ |
| Name of publisher | Pearson/Prentice Hall |
| Year of publication | 2007 |
| 300 ## - PHYSICAL DESCRIPTION | |
| Number of Pages | xxix, 442p.:ill.,includes bibliographical references and index |
| 942 ## - ADDED ENTRY ELEMENTS (KOHA) | |
| Koha item type | Books |
| Koha item type | Collection code | Shelving location | Accession Number | Permanent Location | Current Location | Date acquired | Full call number |
|---|---|---|---|---|---|---|---|
| Books | Reference | Reference | 1301 | Chapman Library | Chapman Library | 2016-04-27 | HD56sei |
| Books | Reference | Reference | 1302 | Chapman Library | Chapman Library | 2016-04-27 | HD56sei |

